| 000 | 02165nam a2200289Ia 4500 | ||
|---|---|---|---|
| 001 | H8153 | ||
| 003 | IT-RoPAU | ||
| 008 | 130308s9999 xx 000 0 und d | ||
| 040 | _aIT-RoPAU | ||
| 040 | _cIT-RoPAU | ||
| 041 | _aITALIANO | ||
| 100 | _aGianolio Alfredo | ||
| 100 | _gCodice Aut. SPICS: 59245 | ||
| 245 | _aPedinando Zavattini. Immagini e testimonianze dal Cerreto al Po | ||
| 245 | _bPedinando Zavattini. immagini e Testimonianze dal Cerreto al Po | ||
| 250 | _a1a ed. | ||
| 260 | _aREGGIO EMILIA | ||
| 260 | _bDiabasis | ||
| 260 | _c2004 [1° Ed.:2004 - Ed.Ling.Originale:2004] | ||
| 300 | _a"208 p. (prefazione: no ; testo: 208 [pagine: 0-0])" | ||
| 500 | _a"Mio incontro con Cesare Zavattini Prologo di Gianni Celati. Cerreto Alpi: Tina Zavattini; Margherita Sentieri; Alfredo Sentieri; Lea Pensierini; Pietro Pensierini; Giovanni Lindo Ferretti; Carla Bianchi Casolari; Nello Leonardi; Raffaele Crovi; Pietro Formentini. Reggio Emilia: Giorgio Boccolari; Giorgio Cagnolati; Alessandro Carri; Tullio Masoni; Renzo Bonazzi; Renzo Bagni; Pantaleone. Gualtieri: Serafino Prati; Nerone; Angelo Salomoni; . Guastalla: Elena Guastalla; Marisa Bittasi; Giuseppe Amadei; Umberto Bonafini; Erminio Canova; Giovanni Miglioli; Gustavo Marchesi; Giovanna Manghi Signori. Luzzara: Edria toffoli; Massimo Soprani; Ugo Aldovrandi; Tiziana e Monicacopelli; Renato Bolondi; Bruno Maestri; Guido Sereni; Mario Scardova; Alberto Nodolini; Roberto Tizzi; Azeglio Bertoni; Serafino Valla; Fausto Alberini; Emilio Pozzi; Natale Fornasari; Carlo Sartori; Ermes Soliani; Antonio Benassi; Angelo Leidi; Angelo Maestri; Gianni toti; Sonia Notari; Dino Binacchi; Nives Pecchini Ghizzardi; Raffaele De Garda; Raffaele Andreassi; Valentina Fortichiari. Suzzara: Giovanni Negri; Marzio Dall'Acqua; Antonella Negri; Ottorino Brioni; Nardino Bottazzi; Giordano Cucconi; Egidio e Mauro Gorreri; Antonio Donati; Vittorio Montanari. Villastrada: Arneo Nizzoli; la sala Zavattini; Siro De Padova. Zavattini in 1 Quadro di Piccolo Formato." | ||
| 650 | _aAUTORI/OPERE DEL CINEMA | ||
| 650 | _eCodice materia Spics: 6807 | ||
| 942 | _cBK | ||
| 957 | _71 | ||
| 999 |
_c93104 _d93104 |
||
| 999 | _g1 | ||